[Event "XII Open Vallee d'Aoste A"]
[Site "Saint Vincent - Chatillon ITA"]
[Date "2004.02.15"]
[Round "9"]
[White "Abeln, Michiel"]
[Black "Nordahl, Helge"]
[Result "1-0"]
[WhiteElo "2291"]
[BlackElo "2346"]
[PlyCount "83"]
[EventDate "2004.02.08"]

1. d4 Nf6 2. c4 g6 3. Nc3 Bg7 4. e4 d6 5. Be2 O-O 6. Nf3 e5 7. O-O Nc6 8. d5
Ne7 9. b4 Kh8 10. a4 Neg8 11. c5 Ne8 12. cxd6 cxd6 13. b5 h6 14. a5 f5 15. Nd2
Ngf6 16. a6 b6 17. Na2 fxe4 18. Nc4 Rf7 19. Be3 Nd7 20. Nb4 Qc7 21. Nc6 Nb8 22.
Nxa7 Rxa7 23. Bxb6 Qd7 24. Bxa7 Qxa7 25. b6 Qa8 26. b7 Bxb7 27. axb7 Qxb7 28.
Qa4 Qc8 29. h3 h5 30. Rab1 Nd7 31. Qc6 Qxc6 32. dxc6 Nc5 33. Rfd1 Ne6 34. Nxd6
Rf8 35. Bc4 Nd4 36. Nxe8 Nxc6 37. Nxg7 Kxg7 38. Rd7+ Kh6 39. h4 e3 40. fxe3 e4
41. Rbb7 Rh8 42. Bg8 1-0

[Event "XII Open Vallee d'Aoste A"]
[Site "Saint Vincent - Chatillon ITA"]
[Date "2004.02.15"]
[Round "9"]
[White "Bruzon Batista, Lazaro"]
[Black "Drabke, Lorenz Maximilian"]
[Result "0-1"]
[WhiteElo "2603"]
[BlackElo "2439"]
[PlyCount "80"]
[EventDate "2004.02.08"]

1. e4 c5 2. Nf3 e6 3. d4 cxd4 4. Nxd4 a6 5. Bd3 Bc5 6. Nb3 Ba7 7. O-O Nc6 8.
Qe2 Nge7 9. Be3 O-O 10. Bxa7 Rxa7 11. f4 d6 12. Nc3 b5 13. a4 b4 14. Nd1 Ng6
15. g3 a5 16. Ne3 Qb6 17. Qf2 Rd8 18. Rad1 Ba6 19. Rd2 Nge7 20. Rfd1 Nc8 21.
Bxa6 Qxa6 22. h3 h6 23. Rd3 Rc7 24. Nd2 Nb6 25. b3 Ne7 26. Nf3 d5 27. f5 Rdc8
28. f6 gxf6 29. Ng4 Nd7 30. exd5 Rxc2 31. Nxh6+ Kf8 32. Qe3 Qd6 33. Nd4 Nxd5
34. Nxc2 Rxc2 35. Qa7 Ne5 36. Kh1 Qc6 37. Rxd5 exd5 38. Qb8+ Kg7 39. Nf5+ Kh7
40. Ne7 Rh2+ 0-1

[Event "XII Open Vallee d'Aoste A"]
[Site "Saint Vincent - Chatillon ITA"]
[Date "2004.02.15"]
[Round "9"]
[White "Burmakin, Vladimir"]
[Black "Contin, Daniel"]
[Result "1-0"]
[WhiteElo "2596"]
[BlackElo "2394"]
[PlyCount "83"]
[EventDate "2004.02.08"]

1. d4 Nf6 2. c4 e6 3. g3 Bb4+ 4. Bd2 Be7 5. Bg2 d5 6. Nf3 c6 7. b3 O-O 8. O-O
b6 9. Bc3 Nbd7 10. Nbd2 Bb7 11. Qc2 Rc8 12. Rfd1 Qc7 13. Qb2 Qb8 14. Ne5 b5 15.
Nd3 bxc4 16. bxc4 Ba6 17. Nb4 Bxb4 18. Bxb4 c5 19. dxc5 Ne5 20. cxd5 Bxe2 21.
Rdb1 Nxd5 22. Ba3 Bd3 23. Qxb8 Rxb8 24. Rb3 Bc2 25. Bxd5 exd5 26. Rc3 Ba4 27.
c6 d4 28. Rcc1 Rfc8 29. c7 Rb7 30. Rab1 Rxb1 31. Rxb1 Nc6 32. Bd6 Bc2 33. Rb5
f6 34. g4 Bd3 35. Rc5 Ne5 36. Bxe5 fxe5 37. Nf3 Be2 38. Nxe5 d3 39. Rd5 Rf8 40.
Rd8 Bxg4 41. Rxf8+ Kxf8 42. Nxg4 1-0

[Event "XII Open Vallee d'Aoste A"]
[Site "Saint Vincent - Chatillon ITA"]
[Date "2004.02.15"]
[Round "9"]
[White "Ciuksyte, Dagne"]
[Black "Kragelj, Igor"]
[Result "1/2-1/2"]
[WhiteElo "2392"]
[BlackElo "2247"]
[PlyCount "82"]
[EventDate "2004.02.08"]

1. e4 c5 2. Nf3 Nc6 3. d4 cxd4 4. Nxd4 Qc7 5. Nc3 e6 6. Be2 a6 7. O-O Nf6 8.
Be3 Be7 9. f4 d6 10. Kh1 O-O 11. Qe1 Nxd4 12. Bxd4 b5 13. a3 Bb7 14. Qg3 Bc6
15. e5 dxe5 16. Bxe5 Qb7 17. f5 exf5 18. Rxf5 Ne8 19. Bd3 g6 20. Rf2 Ng7 21.
Re1 f6 22. Bd4 Rad8 23. Qh4 Rd7 24. Rfe2 Rf7 25. Qf2 f5 26. Nd1 Nh5 27. c3 Nf6
28. Qf4 Ne4 29. Bc2 Bg5 30. Qe5 Bf6 31. Qe8+ Kg7 32. Bxf6+ Nxf6 33. Qe5 Qc7 34.
Bb3 Bd5 35. Bxd5 Qxe5 36. Rxe5 Rxd5 37. Rxd5 Nxd5 38. Nf2 Kf6 39. Kg1 Nb6 40.
Nd3 Nc4 41. Kf2 Rd7 1/2-1/2

[Event "XII Open Vallee d'Aoste A"]
[Site "Saint Vincent - Chatillon ITA"]
[Date "2004.02.15"]
[Round "9"]
[White "D'Amore, Carlo"]
[Black "Gagunashvili, Merab"]
[Result "1-0"]
[WhiteElo "2441"]
[BlackElo "2583"]
[PlyCount "51"]
[EventDate "2004.02.08"]

1. Nf3 g6 2. d4 Bg7 3. g3 c5 4. c3 cxd4 5. cxd4 Nf6 6. Bg2 O-O 7. O-O d6 8. Nc3
Nc6 9. h3 Bf5 10. d5 Na5 11. Nd4 Bd7 12. Qd3 Rc8 13. b3 b5 14. Bd2 b4 15. Nd1
Qb6 16. Ne3 Nh5 17. Nec2 Nxg3 18. Qxg3 Bxd4 19. Nxd4 Qxd4 20. Be3 Qb2 21. Qh4
f6 22. Qxb4 Qc3 23. Qxc3 Rxc3 24. Bd2 Rc5 25. b4 Rc2 26. Bh6 1-0

[Event "XII Open Vallee d'Aoste A"]
[Site "Saint Vincent - Chatillon ITA"]
[Date "2004.02.15"]
[Round "9"]
[White "Delchev, Aleksander"]
[Black "Cebalo, Miso"]
[Result "1/2-1/2"]
[WhiteElo "2624"]
[BlackElo "2475"]
[PlyCount "30"]
[EventDate "2004.02.08"]

1. d4 Nf6 2. Nf3 g6 3. c4 Bg7 4. Nc3 O-O 5. g3 d6 6. Bg2 c6 7. O-O Qa5 8. h3
Qa6 9. b3 b5 10. cxb5 cxb5 11. b4 Bb7 12. a4 bxa4 13. Rxa4 Qc4 14. Bb2 Nbd7 15.
Qa1 Nb6 1/2-1/2

[Event "XII Open Vallee d'Aoste A"]
[Site "Saint Vincent - Chatillon ITA"]
[Date "2004.02.15"]
[Round "9"]
[White "Dittmar, Peter"]
[Black "Bayram, Yakup"]
[Result "1/2-1/2"]
[WhiteElo "2369"]
[BlackElo "2292"]
[PlyCount "24"]
[EventDate "2004.02.08"]

1. d4 Nf6 2. Nf3 g6 3. Bg5 Bg7 4. Nbd2 c5 5. Bxf6 Bxf6 6. Ne4 Qb6 7. Nxf6+ Qxf6
8. c3 cxd4 9. Qxd4 Qxd4 10. cxd4 O-O 11. e3 d5 12. Bd3 Nc6 1/2-1/2

[Event "XII Open Vallee d'Aoste A"]
[Site "Saint Vincent - Chatillon ITA"]
[Date "2004.02.15"]
[Round "9"]
[White "Giffard, Nicolas"]
[Black "Miatello, Alberto"]
[Result "1-0"]
[WhiteElo "2345"]
[BlackElo "2074"]
[PlyCount "53"]
[EventDate "2004.02.08"]

1. Nf3 Nf6 2. b3 g6 3. Bb2 Bg7 4. c4 O-O 5. g3 d5 6. cxd5 Nxd5 7. Bxg7 Kxg7 8.
Qc1 Nc6 9. Qb2+ Kg8 10. d4 Bg4 11. Nbd2 Qd7 12. h3 Bxf3 13. Nxf3 f5 14. Bg2 a5
15. a3 a4 16. b4 b5 17. Rc1 e6 18. Rc5 Ncxb4 19. axb4 a3 20. Qa1 Ra4 21. Ne5
Qe8 22. Bxd5 exd5 23. Qa2 Rxb4 24. Qxd5+ Kh8 25. O-O Rb2 26. Rxc7 a2 27. Qb7
1-0

[Event "XII Open Vallee d'Aoste A"]
[Site "Saint Vincent - Chatillon ITA"]
[Date "2004.02.15"]
[Round "9"]
[White "Golod, Vitali"]
[Black "Romanishin, Oleg M."]
[Result "1-0"]
[WhiteElo "2544"]
[BlackElo "2537"]
[PlyCount "113"]
[EventDate "2004.02.08"]

1. d4 Nf6 2. c4 e6 3. Nc3 Bb4 4. Qc2 d5 5. cxd5 Qxd5 6. e3 O-O 7. Bd2 Bxc3 8.
Bxc3 Nbd7 9. Ne2 b6 10. f3 c5 11. e4 Qc6 12. dxc5 Qxc5 13. Qd2 Qe7 14. Ng3 Rd8
15. Be2 Nc5 16. Qg5 h6 17. Bxf6 Qxf6 18. Qxf6 gxf6 19. Kf2 Kf8 20. Rhd1 Bb7 21.
b3 Ke7 22. Nf1 Rxd1 23. Rxd1 Rc8 24. Ne3 Nd7 25. h4 Rc5 26. Rd2 Ne5 27. Rc2 Kd6
28. h5 Rxc2 29. Nxc2 Bc8 30. Ne3 f5 31. f4 Nc6 32. g4 f6 33. g5 fxg5 34. fxg5
Ke7 35. gxh6 Nd8 36. exf5 exf5 37. Nd5+ Kf8 38. Bd3 Nf7 39. h7 Kg7 40. Ne7 Bd7
41. Nxf5+ Kxh7 42. Nd6+ Kg7 43. Nxf7 Kxf7 44. h6 a5 45. a3 Kf6 46. Ke3 Be6 47.
b4 axb4 48. axb4 Bd5 49. Kd4 Bb3 50. h7 Kg7 51. Ke5 Bf7 52. Kd6 Be8 53. Kc7 b5
54. Kb6 Bd7 55. Kc5 Be8 56. Bxb5 Bg6 57. Bc4 1-0

[Event "XII Open Vallee d'Aoste A"]
[Site "Saint Vincent - Chatillon ITA"]
[Date "2004.02.15"]
[Round "9"]
[White "Isonzo, David"]
[Black "Bonafede, Alessandro"]
[Result "1/2-1/2"]
[WhiteElo "2336"]
[BlackElo "2036"]
[PlyCount "33"]
[EventDate "2004.02.08"]

1. e4 c5 2. Nf3 Nc6 3. Bb5 g6 4. c3 Bg7 5. d4 cxd4 6. cxd4 a6 7. Ba4 b5 8. Bb3
Nf6 9. e5 Ne4 10. O-O d5 11. exd6 Nxd6 12. Ne5 Bb7 13. Re1 O-O 14. Nc3 Nf5 15.
Nxc6 Bxc6 16. d5 Bb7 17. Bg5 1/2-1/2

[Event "XII Open Vallee d'Aoste A"]
[Site "Saint Vincent - Chatillon ITA"]
[Date "2004.02.15"]
[Round "9"]
[White "Karl, Hans"]
[Black "Soylu, Suat"]
[Result "0-1"]
[WhiteElo "2299"]
[BlackElo "2384"]
[PlyCount "132"]
[EventDate "2004.02.08"]

1. d4 Nf6 2. c4 c5 3. d5 g6 4. Nc3 d6 5. e4 Bg7 6. f3 O-O 7. Bg5 e6 8. Qd2 h6
9. Be3 exd5 10. cxd5 a6 11. a4 Re8 12. Nge2 h5 13. Nc1 Nbd7 14. Be2 Ne5 15. O-O
Nh7 16. b3 f5 17. Rb1 fxe4 18. Nxe4 Bf5 19. Nd3 Ng4 20. Bf4 Bxe4 21. fxg4 g5
22. Bg3 h4 23. Bf2 Bxd5 24. Nf4 Bf7 25. Nh5 Be5 26. Bd3 Qe7 27. Rbe1 Bxh5 28.
gxh5 Kh8 29. Bg6 Rf8 30. Kh1 Qg7 31. Qd3 Nf6 32. h3 Nd7 33. Qd5 Rf6 34. Be3
Raf8 35. Rxf6 Nxf6 36. Qe6 Bg3 37. Rd1 Nh7 38. Bd3 Qf6 39. Qe4 Qg7 40. Qd5 Qf7
41. Qxf7 Rxf7 42. Kg1 Kg7 43. Rf1 Bf4 44. Bxf4 gxf4 45. Bg6 Rf6 46. Re1 Ng5 47.
Re7+ Kh6 48. Rxb7 f3 49. Rb6 a5 50. Ra6 fxg2 51. Kxg2 Ne6 52. Rxa5 Nf4+ 53. Kh2
Nxg6 54. hxg6 Kxg6 55. Rb5 Kf7 56. Kg2 Ke6 57. a5 Rf8 58. Rb7 Ra8 59. b4 c4 60.
Kf3 d5 61. Ke3 Ke5 62. Re7+ Kd6 63. Rb7 Re8+ 64. Kd2 d4 65. a6 c3+ 66. Kd3 Re3+
0-1

[Event "XII Open Vallee d'Aoste A"]
[Site "Saint Vincent - Chatillon ITA"]
[Date "2004.02.15"]
[Round "9"]
[White "Kveinys, Aloyzas"]
[Black "Tiviakov, Sergei"]
[Result "1/2-1/2"]
[WhiteElo "2511"]
[BlackElo "2600"]
[PlyCount "52"]
[EventDate "2004.02.08"]

1. d4 Nf6 2. c4 e6 3. g3 d5 4. Nf3 Bb4+ 5. Bd2 Be7 6. Bg2 c6 7. Qc2 O-O 8. O-O
b6 9. Bf4 Ba6 10. Nbd2 Nbd7 11. Rfd1 Nh5 12. Be3 Bd6 13. Qa4 Bb7 14. Ne1 Nhf6
15. Nd3 dxc4 16. Qxc4 Nd5 17. Nf1 Rc8 18. Qa4 b5 19. Qb3 Qb6 20. a4 Nxe3 21.
Nxe3 a6 22. axb5 axb5 23. Rac1 Be7 24. Nc2 Rc7 25. Ncb4 Rfc8 26. e3 c5 1/2-1/2

[Event "XII Open Vallee d'Aoste A"]
[Site "Saint Vincent - Chatillon ITA"]
[Date "2004.02.15"]
[Round "9"]
[White "Lanzani, Mario"]
[Black "Rago, Riccardo"]
[Result "1-0"]
[WhiteElo "2352"]
[BlackElo "2129"]
[PlyCount "87"]
[EventDate "2004.02.08"]

1. e4 c5 2. Nf3 Nc6 3. Nc3 d6 4. d4 cxd4 5. Nxd4 Nf6 6. Bg5 a6 7. Qd2 e6 8.
O-O-O Bd7 9. f4 Qc7 10. Qe1 Be7 11. Nf3 h6 12. Bh4 O-O 13. e5 Ne8 14. Bxe7 Nxe7
15. exd6 Nxd6 16. Qd2 Nec8 17. Ne5 Bc6 18. Bd3 Ne7 19. Nxc6 Nxc6 20. Ne4 Nxe4
21. Bxe4 Rfd8 22. Qe3 Rxd1+ 23. Rxd1 Rc8 24. Kb1 Rd8 25. Rxd8+ Nxd8 26. a3 Kf8
27. Qd4 Ke7 28. g3 f6 29. f5 e5 30. Qd5 Qd7 31. Qc4 Nf7 32. g4 Nd6 33. Qc5 Kd8
34. Bd5 Qc7 35. Qa7 Qd7 36. Qb8+ Ke7 37. Qg8 Ne8 38. Qf7+ Kd8 39. Qxd7+ Kxd7
40. Bxb7 a5 41. c4 a4 42. c5 Nc7 43. Kc2 Nb5 44. Kd3 1-0

[Event "XII Open Vallee d'Aoste A"]
[Site "Saint Vincent - Chatillon ITA"]
[Date "2004.02.15"]
[Round "9"]
[White "Manca, Federico"]
[Black "Faraoni, Enrico"]
[Result "1/2-1/2"]
[WhiteElo "2363"]
[BlackElo "2164"]
[PlyCount "21"]
[EventDate "2004.02.08"]

1. e4 c5 2. c3 e6 3. d4 d5 4. exd5 exd5 5. Nf3 Bd6 6. Bb5+ Nc6 7. O-O Nge7 8.
dxc5 Bxc5 9. Nbd2 O-O 10. Nb3 Bb6 11. Bd3 1/2-1/2

[Event "XII Open Vallee d'Aoste A"]
[Site "Saint Vincent - Chatillon ITA"]
[Date "2004.02.15"]
[Round "9"]
[White "Mantovani, Renzo"]
[Black "Guido, Flavio"]
[Result "1-0"]
[WhiteElo "2375"]
[BlackElo "2315"]
[PlyCount "81"]
[EventDate "2004.02.08"]

1. e4 c5 2. Nf3 e6 3. d4 cxd4 4. Nxd4 a6 5. Nc3 b5 6. Bd3 Qb6 7. Nb3 Qc7 8. O-O
Nf6 9. f4 Bb7 10. Qe2 b4 11. Nd1 d6 12. Bd2 Be7 13. Nf2 Nc6 14. c3 bxc3 15.
Bxc3 O-O 16. Rac1 Qb6 17. Kh1 a5 18. Ng4 Nxg4 19. Qxg4 e5 20. Nd2 Bf6 21. Nc4
Qd8 22. Rcd1 Nd4 23. Bxd4 exd4 24. e5 dxe5 25. fxe5 Be7 26. Rf4 Bc5 27. e6 fxe6
28. Qxe6+ Kh8 29. Qh3 h6 30. Rxf8+ Qxf8 31. Ne5 Qf2 32. Rf1 Qd2 33. Ng6+ Kh7
34. Nf4+ Kg8 35. Qe6+ Kh8 36. Ng6+ Kh7 37. Ne5+ Kh8 38. Nf7+ Kg8 39. Nxh6+ Kh8
40. Nf7+ Kg8 41. Ng5+ 1-0

[Event "XII Open Vallee d'Aoste A"]
[Site "Saint Vincent - Chatillon ITA"]
[Date "2004.02.15"]
[Round "9"]
[White "Medancic, Rikard"]
[Black "Alberton, Roberto"]
[Result "1/2-1/2"]
[WhiteElo "2277"]
[BlackElo "2114"]
[PlyCount "91"]
[EventDate "2004.02.08"]

1. d4 Nf6 2. Nf3 e6 3. Bg5 d5 4. e3 c5 5. Nbd2 Nc6 6. c3 Qb6 7. Qb3 Qxb3 8.
axb3 cxd4 9. exd4 Bd6 10. Bd3 Bd7 11. O-O O-O 12. Rfe1 Rfc8 13. Bh4 a5 14. Bg3
Bf8 15. h3 b6 16. Nb1 Be8 17. Na3 Bd7 18. Ra2 Nb4 19. cxb4 axb4 20. Rea1 bxa3
21. bxa3 Rc3 22. Be2 Rac8 23. Bd1 Ne4 24. Bf4 f6 25. Rb2 g5 26. Be3 h6 27. g4
Bd6 28. Kg2 R3c7 29. Be2 Ra8 30. a4 Bb4 31. Rc1 Rac8 32. Rxc7 Rxc7 33. h4 Kf7
34. hxg5 hxg5 35. Rb1 Ke7 36. Ba6 Bc8 37. Bxc8 Rxc8 38. Rc1 Rxc1 39. Bxc1 Kd7
40. Kf1 Kc6 41. Ne1 Bc3 42. Nc2 b5 43. axb5+ Kxb5 44. Ke2 Ba5 45. f3 Nd6 46.
Ba3 1/2-1/2

[Event "XII Open Vallee d'Aoste A"]
[Site "Saint Vincent - Chatillon ITA"]
[Date "2004.02.15"]
[Round "9"]
[White "Naumkin, Igor"]
[Black "Olarasu, Gabriela"]
[Result "1-0"]
[WhiteElo "2416"]
[BlackElo "2311"]
[PlyCount "117"]
[EventDate "2004.02.08"]

1. d4 d5 2. c4 c6 3. Nf3 Nf6 4. e3 a6 5. Qc2 g6 6. Bd3 Bg7 7. O-O O-O 8. Nbd2
Bg4 9. Ne5 Be6 10. Nef3 Qc8 11. b3 Bf5 12. Ba3 Re8 13. Rac1 Bxd3 14. Qxd3 Qd8
15. Rfd1 e6 16. h3 Nbd7 17. Bd6 Qa5 18. a4 dxc4 19. Nxc4 Qd5 20. Bh2 Ne4 21.
Nfd2 Nxd2 22. Rxd2 Red8 23. Bc7 Rdc8 24. Bf4 Rd8 25. e4 Qh5 26. Qe3 h6 27. Rcd1
b5 28. g4 Qh4 29. Na5 Rdc8 30. Rc2 e5 31. dxe5 Nxe5 32. Bxe5 Bxe5 33. Nxc6 Rc7
34. axb5 axb5 35. Rdc1 Rac8 36. Nb4 Rxc2 37. Rxc2 Rxc2 38. Nxc2 Qd8 39. Kg2 Qd6
40. Ne1 g5 41. Qd3 Qd4 42. Qxd4 Bxd4 43. Nc2 Bc5 44. Kf3 Kg7 45. Ne3 Kf6 46.
Nf5 Bf8 47. Nd4 b4 48. Nc6 Ke6 49. Ke2 Kd7 50. Ne5+ Ke6 51. Nd3 Be7 52. Ke3 Bf8
53. f3 Kf6 54. Kd4 Ke6 55. Kc4 h5 56. gxh5 f5 57. Nc5+ Kf7 58. exf5 Be7 59. Ne4
1-0

[Event "XII Open Vallee d'Aoste A"]
[Site "Saint Vincent - Chatillon ITA"]
[Date "2004.02.15"]
[Round "9"]
[White "O'Cinneide, Mel"]
[Black "Klinova, Masha"]
[Result "1-0"]
[WhiteElo "2256"]
[BlackElo "2366"]
[PlyCount "73"]
[EventDate "2004.02.08"]

1. Nf3 Nf6 2. c4 g6 3. Nc3 Bg7 4. e4 d6 5. d4 O-O 6. Be2 e5 7. O-O Nc6 8. d5
Ne7 9. b4 a5 10. Ba3 Nd7 11. bxa5 Nc5 12. Bxc5 dxc5 13. Nd2 Rxa5 14. Nb3 Ra8
15. Nxc5 b6 16. Nb3 f5 17. a4 fxe4 18. Nxe4 Nf5 19. a5 Nd4 20. Bd3 Nxb3 21.
Qxb3 bxa5 22. c5 Kh8 23. Ra4 Bf5 24. Rfa1 Rb8 25. Qc4 Rb2 26. Rxa5 Bxe4 27.
Bxe4 Rbxf2 28. Ra8 Qf6 29. d6 cxd6 30. c6 d5 31. Bxd5 Rf4 32. Rxf8+ Bxf8 33.
Qc3 e4 34. Qxf6+ Rxf6 35. c7 Bc5+ 36. Kh1 Rf8 37. Be6 1-0

[Event "XII Open Vallee d'Aoste A"]
[Site "Saint Vincent - Chatillon ITA"]
[Date "2004.02.15"]
[Round "9"]
[White "Ortega, Lexy"]
[Black "Friedrich, Norbert"]
[Result "0-1"]
[WhiteElo "2454"]
[BlackElo "2288"]
[PlyCount "67"]
[EventDate "2004.02.08"]

1. Nf3 Nf6 2. g3 d5 3. Bg2 c6 4. O-O Bg4 5. c4 e6 6. Qb3 Qb6 7. Qc2 Nbd7 8.
cxd5 cxd5 9. d3 Bd6 10. Nc3 O-O 11. Be3 Qa5 12. h3 Bxf3 13. Bxf3 Ne5 14. Bg2
Nc6 15. d4 Rac8 16. Rad1 Rfd8 17. Qb1 b5 18. a3 Bxa3 19. bxa3 Qxc3 20. Rd3 Qa5
21. Bg5 Ne7 22. Rfd1 Rd7 23. Bd2 Qa4 24. Bb4 Qc2 25. Qa1 Qxe2 26. R1d2 Qh5 27.
Rc3 Rc4 28. Rb2 Nc6 29. Bf1 Ne4 30. Re3 Nxd4 31. Bxc4 bxc4 32. Bc3 Nb3 33. Rxb3
cxb3 34. Bxg7 0-1

[Event "XII Open Vallee d'Aoste A"]
[Site "Saint Vincent - Chatillon ITA"]
[Date "2004.02.15"]
[Round "9"]
[White "Qendro, Llambi"]
[Black "Popa, Claudiu"]
[Result "1/2-1/2"]
[WhiteElo "2374"]
[BlackElo "2199"]
[PlyCount "43"]
[EventDate "2004.02.08"]

1. d4 d5 2. c4 dxc4 3. Nf3 Nf6 4. e3 e6 5. Bxc4 c5 6. O-O a6 7. a4 Nc6 8. Qe2
Be7 9. Rd1 Qc7 10. b3 O-O 11. Bb2 cxd4 12. exd4 Nb4 13. Nc3 Nbd5 14. Rac1 Qd8
15. Ne5 Bd7 16. Nxd5 exd5 17. Bd3 Re8 18. Qf3 Be6 19. Re1 Qb6 20. h3 Rac8 21.
Bb1 Bb4 22. Rcd1 1/2-1/2

[Event "XII Open Vallee d'Aoste A"]
[Site "Saint Vincent - Chatillon ITA"]
[Date "2004.02.15"]
[Round "9"]
[White "Ranieri, Fabrizio"]
[Black "Brady, Stephen"]
[Result "0-1"]
[WhiteElo "2192"]
[BlackElo "2362"]
[PlyCount "174"]
[EventDate "2004.02.08"]

1. e4 e6 2. d4 d5 3. Nc3 Nf6 4. Bg5 Be7 5. e5 Nfd7 6. h4 Bxg5 7. hxg5 Qxg5 8.
Nh3 Qe7 9. Nf4 Nc6 10. Qg4 g6 11. O-O-O h5 12. Qg3 Nb6 13. Bd3 Bd7 14. Nxg6
fxg6 15. Bxg6+ Kd8 16. Rxh5 Rxh5 17. Bxh5 Kc8 18. f4 Kb8 19. Qg8+ Bc8 20. g4 a6
21. f5 exf5 22. gxf5 Qh4 23. Bg6 Ka7 24. Qh7 Qf4+ 25. Kb1 Nxd4 26. Qxc7 Qg4 27.
Qc5 Nxf5 28. Rg1 Qd4 29. Qxd4 Nxd4 30. Rd1 Nc6 31. Nxd5 Nxe5 32. Nxb6 Kxb6 33.
Be4 Bd7 34. b3 Re8 35. Kb2 Re7 36. Rd4 Bb5 37. Rd2 Be8 38. Rd4 Kc7 39. a4 Rd7
40. Rb4 b6 41. Bf5 Rf7 42. Bh3 Rf3 43. Re4 Kd6 44. Bc8 a5 45. Rd4+ Kc7 46. Re4
Kxc8 47. Rxe5 Bc6 48. Re2 Rg3 49. Rh2 Be4 50. Re2 Bg6 51. Re6 Kc7 52. Re2 Kd6
53. Rd2+ Kc6 54. Re2 Bf7 55. Rf2 Bd5 56. Rf6+ Kc5 57. Rf2 Be4 58. Re2 Kd5 59.
Rd2+ Kc5 60. Re2 Bd5 61. Re8 Rg2 62. Rc8+ Bc6 63. Rb8 Be4 64. Rc8+ Kd4 65. Rc3
Re2 66. Rc8 Ke3 67. Rc4 Rg2 68. Rc8 Rg6 69. Rc4 Rg5 70. Rc8 Rc5 71. Rb8 Rxc2+
72. Ka3 Rc6 73. b4 Rc3+ 74. Kb2 Rc2+ 75. Kb3 Rc7 76. Rxb6 Bd5+ 77. Kb2 Kd3 78.
bxa5 Rc2+ 79. Kb1 Ba2+ 80. Ka1 Bc4 81. Kb1 Kc3 82. a6 Rg2 83. Ka1 Ra2+ 84. Kb1
Rxa4 85. Rc6 Ra5 86. Rc8 Rxa6 87. Rc7 Rg6 0-1

[Event "XII Open Vallee d'Aoste A"]
[Site "Saint Vincent - Chatillon ITA"]
[Date "2004.02.15"]
[Round "9"]
[White "Sarno, Spartaco"]
[Black "Joksic, Sinisa"]
[Result "0-1"]
[WhiteElo "2395"]
[BlackElo "2335"]
[PlyCount "108"]
[EventDate "2004.02.08"]

1. c4 g6 2. g3 f5 3. Bg2 Bg7 4. Nc3 Nc6 5. d3 e5 6. e3 Nf6 7. Nge2 O-O 8. O-O
d6 9. Rb1 Be6 10. Nd5 Qd7 11. b4 Nd8 12. b5 c6 13. bxc6 bxc6 14. Nxf6+ Bxf6 15.
Qa4 Rc8 16. Bd2 Qf7 17. Nc3 h5 18. Qa3 Qd7 19. Rfc1 h4 20. Rb4 hxg3 21. hxg3 g5
22. Ra4 Rc7 23. Rb1 f4 24. Ne4 Be7 25. Ba5 Rb7 26. Rxb7 Nxb7 27. Bb4 a5 28.
Bxa5 f3 29. Bf1 d5 30. Bb4 Bxb4 31. Qxb4 dxe4 32. Ra7 Rf7 33. dxe4 Bh3 34. Rxb7
Qxb7 35. Qxb7 Rxb7 36. Bxh3 Rb1+ 37. Kh2 Rb2 38. Bd7 Rxf2+ 39. Kg1 Rxa2 40.
Bxc6 Kf7 41. c5 Ke7 42. g4 Rc2 43. Bd5 Kd7 44. Kf1 Kc7 45. c6 Kb6 46. Kg1 Kb5
47. Kf1 Kb4 48. c7 Rxc7 49. Kf2 Kc3 50. Kxf3 Kd2 51. Kf2 Rc3 52. Be6 Rxe3 53.
Bf5 Kd3 54. Bg6 Kd4 0-1

[Event "XII Open Vallee d'Aoste A"]
[Site "Saint Vincent - Chatillon ITA"]
[Date "2004.02.15"]
[Round "9"]
[White "Sautto, Daniele"]
[Black "Gromovs, Sergejs"]
[Result "1-0"]
[WhiteElo "2114"]
[BlackElo "2297"]
[PlyCount "45"]
[EventDate "2004.02.08"]

1. e4 c5 2. c3 d5 3. exd5 Qxd5 4. d4 Nf6 5. Nf3 Nc6 6. Be2 cxd4 7. cxd4 e6 8.
O-O Be7 9. Nc3 Qd6 10. Bc4 O-O 11. Nb5 Qd8 12. Bf4 a6 13. Nc7 Ra7 14. d5 e5 15.
Be3 Qxc7 16. dxc6 Ra8 17. cxb7 Bxb7 18. Rc1 Qb8 19. Ng5 Ne4 20. Nxf7 Rxf7 21.
Qd7 Nd6 22. Bxf7+ Kxf7 23. Rc7 1-0

[Event "XII Open Vallee d'Aoste A"]
[Site "Saint Vincent - Chatillon ITA"]
[Date "2004.02.15"]
[Round "9"]
[White "Sedina, Elena"]
[Black "Letreguilly, Olivier"]
[Result "1-0"]
[WhiteElo "2393"]
[BlackElo "2258"]
[PlyCount "133"]
[EventDate "2004.02.08"]

1. e4 c6 2. c4 e5 3. Nf3 d6 4. d4 Nd7 5. Be2 Ngf6 6. Nc3 Be7 7. O-O O-O 8. Re1
a6 9. h3 b5 10. a3 Bb7 11. Bf1 Re8 12. Bg5 h6 13. Bh4 Nh5 14. Bxe7 Rxe7 15. Nh4
exd4 16. Nf5 dxc3 17. Nxe7+ Qxe7 18. Qxh5 cxb2 19. Rab1 Nc5 20. Rxb2 bxc4 21.
Re3 Bc8 22. Bxc4 Be6 23. Qe2 Bxc4 24. Qxc4 Qe5 25. Rb6 Rc8 26. Qc3 Qe8 27. Qd4
Qd8 28. Rb1 Ne6 29. Qa4 a5 30. Qc4 d5 31. exd5 cxd5 32. Qg4 d4 33. Rd3 Qd5 34.
Rbd1 Qe5 35. Rxd4 f5 36. Qh4 Nxd4 37. Qxd4 Qxd4 38. Rxd4 Rc1+ 39. Kh2 Kf7 40.
Rd5 Kf6 41. Rxa5 Ra1 42. g4 f4 43. h4 g5 44. h5 Ra2 45. Kg2 Kg7 46. Ra6 Kh7 47.
Ra7+ Kg8 48. Kf3 Kh8 49. a4 Kg8 50. a5 Ra4 51. a6 Kf8 52. Ke2 Ra2+ 53. Kd3 f3
54. Ke3 Ra3+ 55. Ke4 Ke8 56. Kf5 Ra2 57. Ke4 Ra3 58. Kd4 Ra2 59. Ke3 Ra3+ 60.
Ke4 Kf8 61. Kf5 Ra2 62. Kg6 Rxf2 63. Rf7+ Ke8 64. a7 Ra2 65. Rxf3 Rxa7 66. Kxh6
Ra4 67. Kxg5 1-0

[Event "XII Open Vallee d'Aoste A"]
[Site "Saint Vincent - Chatillon ITA"]
[Date "2004.02.15"]
[Round "9"]
[White "Sulava, Nenad"]
[Black "Tomba, Ivan"]
[Result "1-0"]
[WhiteElo "2477"]
[BlackElo "2236"]
[PlyCount "92"]
[EventDate "2004.02.08"]

1. d4 d5 2. Nf3 c6 3. c4 Nf6 4. cxd5 cxd5 5. Nc3 Nc6 6. Bf4 a6 7. Rc1 Bf5 8. e3
Rc8 9. Be2 e6 10. O-O Bd6 11. Bxd6 Qxd6 12. Na4 O-O 13. Nc5 Rc7 14. a3 Rfc8 15.
b4 a5 16. Nxb7 Rxb7 17. Ba6 Rbc7 18. Bxc8 Rxc8 19. Qa4 Bd3 20. Rfd1 Be2 21. Rd2
Bc4 22. b5 Na7 23. Ne5 Qb6 24. Rdc2 Nxb5 25. Nxc4 dxc4 26. Rxc4 Rxc4 27. Qxc4
g6 28. Qb3 Qa6 29. Qd3 Nd7 30. Rb1 Nc7 31. Qxa6 Nxa6 32. Rb5 a4 33. Ra5 Ndb8
34. Rxa4 Kf8 35. Rc4 h5 36. h4 Ke7 37. f3 Kd6 38. Rc8 Nd7 39. Kf2 Nc7 40. e4
Nb5 41. e5+ Kd5 42. Rd8 Kc6 43. Ke3 Nxa3 44. g4 Nc4+ 45. Kf4 Nd2 46. Rc8+ Kb7
1-0

[Event "XII Open Vallee d'Aoste A"]
[Site "Saint Vincent - Chatillon ITA"]
[Date "2004.02.15"]
[Round "9"]
[White "Tolhuizen, Ludo"]
[Black "Astengo, Marcello"]
[Result "1-0"]
[WhiteElo "2259"]
[BlackElo "2072"]
[PlyCount "63"]
[EventDate "2004.02.08"]

1. e4 c6 2. d4 d5 3. exd5 cxd5 4. Bd3 Nf6 5. c3 Bg4 6. Nf3 e6 7. Bf4 Nc6 8.
Nbd2 Bd6 9. Bxd6 Qxd6 10. O-O O-O 11. Re1 Rae8 12. Qb3 Nd7 13. Re3 Qc7 14. Rae1
Qb6 15. Qc2 g6 16. h3 Bxf3 17. Nxf3 Kg7 18. h4 Nf6 19. Ne5 Rc8 20. Qe2 h5 21.
Rf3 Qc7 22. Rg3 Qe7 23. Bxg6 fxg6 24. Nxg6 Qe8 25. Nxf8+ Kxf8 26. Qxe6 Qxe6 27.
Rxe6 Kf7 28. Re1 Ne4 29. Rf3+ Kg6 30. Rf4 Rc7 31. f3 Nd6 32. Re6+ 1-0

[Event "XII Open Vallee d'Aoste A"]
[Site "Saint Vincent - Chatillon ITA"]
[Date "2004.02.15"]
[Round "9"]
[White "Valenti, Giuseppe"]
[Black "Mchedlishvili, Mikheil"]
[Result "0-1"]
[WhiteElo "2305"]
[BlackElo "2557"]
[PlyCount "58"]
[EventDate "2004.02.08"]

1. e4 c5 2. Nf3 d6 3. d4 cxd4 4. Nxd4 Nf6 5. Nc3 Nc6 6. Be2 e5 7. Nb3 Be7 8.
O-O O-O 9. Be3 a5 10. a3 Be6 11. Bf3 a4 12. Nc1 Na5 13. Nd3 Nc4 14. Bc1 Qa5 15.
Nb4 Rfc8 16. Qe1 Qc5 17. Nd1 h6 18. Ne3 Bd8 19. Qd1 Ba5 20. c3 Bxb4 21. axb4
Qc6 22. Nxc4 Bxc4 23. Re1 b5 24. Bg4 Rd8 25. Qf3 d5 26. exd5 Bxd5 27. Qg3 Nxg4
28. Qxg4 Rd6 29. Qh3 Bxg2 0-1